Central Library OPAC University of Rajshahi

Management accounting principles / (Record no. 15301)

MARC details
000 -LEADER
fixed length control field 00887nam a2200265 i 4500
001 - CONTROL NUMBER
control field 15301
003 - CONTROL NUMBER IDENTIFIER
rucl marc code BD-RjUL
005 - DATE AND TIME OF LATEST TRANSACTION
control field 20211208235805.0
008 - FIXED-LENGTH DATA ELEMENTS--GENERAL INFORMATION
fixed length control field 140209s1965 ilu b 001 0 eng d
035 ## - SYSTEM CONTROL NUMBER
System control number (BD-RjUL)15355
-- (OCoLC)01670550
040 ## - CATALOGING SOURCE
Original cataloging agency DLC
Transcribing agency DLC
Modifying agency MYG
-- BD-RjUL
Language of cataloging eng
041 ## - LANGUAGE CODE
Language code of text/sound track or separate title eng
082 04 - DEWEY DECIMAL CLASSIFICATION NUMBER
Classification number 658.1511
Author mark and year ANM 1965
Edition number 19
100 1# - MAIN ENTRY--PERSONAL NAME
Personal name Anthony, Robert N.,
Fuller form of name (Robert Newton),
Dates associated with a name 1916-2006.
9 (RLIN) 45844
245 10 - TITLE STATEMENT
Title Management accounting principles /
Statement of responsibility, etc. Robert N. Anthony.
260 ## - PUBLICATION, DISTRIBUTION, ETC. (IMPRINT)
Place of publication, distribution, etc. Homewood, Ill. :
Name of publisher, distributor, etc. R. D. Irwin,
Date of publication, distribution, etc. 1965.
300 ## - PHYSICAL DESCRIPTION
Pagination xii, 444 p. ;
Size 24 cm.
490 1# - SERIES STATEMENT
Series statement Willard J. Graham series in accounting
504 ## - BIBLIOGRAPHY, ETC. NOTE
Bibliography, etc Includes bibliographical references and index.
650 #0 - SUBJECT ADDED ENTRY--TOPICAL TERM
Topical term or geographic name as entry element Managerial accounting.
9 (RLIN) 47556
Topical term or geographic name as entry element Cost accounting.
9 (RLIN) 47557
830 #0 - SERIES ADDED ENTRY--UNIFORM TITLE
Uniform title Willard J. Graham series in accounting.
942 ## - ADDED ENTRY ELEMENTS (KOHA)
Source of classification or shelving scheme Dewey Decimal Classification
Koha item type Books
Holdings
Lost status Source of classification or shelving scheme Damaged status Not for loan Collection code Permanent Location Current Location Shelving location Date acquired Source of acquisition Cost, normal purchase price Total Checkouts Full call number Date last seen Copy number Koha item type
  Dewey Decimal Classification   Not For Loan Non-fiction Central Library, University of Rajshahi Central Library, University of Rajshahi Reading Room 24/11/1967 Zeitlinger 56.00   658.1511 ANM 1965 09/02/2014 C-1 Books
  Dewey Decimal Classification     Non-fiction Central Library, University of Rajshahi Central Library, University of Rajshahi   23/10/1968 Zeetlinger 71.00   658.1511 ANM 1967 08/06/2017 C-2 Books
  Dewey Decimal Classification     Non-fiction Central Library, University of Rajshahi Central Library, University of Rajshahi   24/11/1967 Zeetlinger 56.00   658.1511 ANM 1965 08/06/2017 C-3 Books
  Dewey Decimal Classification     Non-fiction Central Library, University of Rajshahi Central Library, University of Rajshahi   23/10/1968 Zeetlinger 71.00   658.1511 ANM 1967 08/06/2017 C-4 Books
  Dewey Decimal Classification     Non-fiction Central Library, University of Rajshahi Central Library, University of Rajshahi   24/11/1967 Zeetlinger 56.00   658.1511 ANM 1965 08/06/2017 C-5 Books
  Dewey Decimal Classification     Non-fiction Central Library, University of Rajshahi Central Library, University of Rajshahi   23/10/1968 Zeetlinger 71.00   658.1511 ANM 1967 08/06/2017 C-6 Books
  Dewey Decimal Classification     Non-fiction Central Library, University of Rajshahi Central Library, University of Rajshahi   24/11/1967 Zeetlinger 56.00   658.1511 ANM 1965 08/06/2017 C-7 Books
  Dewey Decimal Classification     Non-fiction Central Library, University of Rajshahi Central Library, University of Rajshahi   23/10/1968 Zeetlinger 71.00   658.1511 ANM 1967 08/06/2017 C-8 Books
  Dewey Decimal Classification     Non-fiction Central Library, University of Rajshahi Central Library, University of Rajshahi   23/10/1968 Zeetlinger 71.00   658.1511 ANM 1967 08/06/2017 C-9 Books
  Dewey Decimal Classification     Non-fiction Central Library, University of Rajshahi Central Library, University of Rajshahi   23/10/1968 Zeetlinger 71.00   658.1511 ANM 1967 08/06/2017 C-10 Books